[Event "CCSCSL IM Inv"]
[Site "Saint Louis USA"]
[Date "2012.11.29"]
[Round "7.3"]
[White "Agrest,I"]
[Black "Sharevich,A"]
[Result "1/2-1/2"]
[WhiteElo "2176"]
[BlackElo "2291"]

1.e4 c5 2.Nf3 e6 3.d4 cxd4 4.Nxd4 a6 5.Bd3 Ne7 6.Nc3 Nbc6 7.Nxc6 Nxc6 8.Qg4 d6
9.O-O Ne5 10.Qg3 h5 11.Be2 h4 12.Qe3 Be7 13.f4 Nd7 14.Qf2 O-O 15.Be3 Qc7
16.Rad1 b5 17.a3 Bb7 18.Qe1 Bc6 19.Bf2 h3 20.Bh4 hxg2 21.Rf3 Nf6 22.Bd3 Ng4
23.Rd2 Qa7+ 24.Kxg2 f5 25.Bxe7 Qxe7 26.h3 Nf6 27.Kh2 Qb7 28.Re2 fxe4 29.Nxe4 Nxe4
30.Bxe4 Bxe4 31.Rxe4 e5 32.f5 Rac8 33.Rf2 Rf6 34.Rg4 Rcf8 35.Rfg2 R8f7 36.Qh4 Qf3
37.Rf2 Qe3 38.Rfg2 Qh6 39.Qxh6 Rxh6 40.Rg6 Rxg6 41.fxg6 Rf4 42.Kg3 Kf8 43.h4 Ke7
44.h5 Kf6 45.Rd2 Ke7 46.Rd3 Rf5 47.Kg4 Rf1 48.Rc3 Rg1+ 49.Kf5 Rf1+ 50.Kg4 Rg1+
51.Kf5 Rf1+  1/2-1/2

[Event "XXVI Belgrade Trophy 2012"]
[Site "Belgrade SRB"]
[Date "2012.11.30"]
[Round "7.37"]
[White "Maric,Dr"]
[Black "Rajkovic,Mladen"]
[Result "1/2-1/2"]
[WhiteElo "2221"]
[BlackElo "1935"]

1.e4 c5 2.Nf3 e6 3.d4 cxd4 4.Nxd4 a6 5.Bd3 Nf6 6.O-O Qc7 7.Bg5 Qe5 8.Be3 Nc6
9.Nxc6 bxc6 10.Nc3 Bc5 11.Qd2 Bxe3 12.Qxe3 O-O 13.f4 Qh5 14.e5 Qxh2+ 15.Kxh2 Ng4+
16.Kh3 Nxe3 17.Rf3 Nd5 18.Ne4 Rb8 19.b3 a5 20.Rh1 f5 21.Nd6 Bb7 22.c4 Nb4
23.c5 Ba6 24.Bc4 Bxc4 25.Nxc4 Rb5 26.Nb6 Rd8 27.Rd1 Rxc5 28.Rd6 Rb5 29.Nxd7 Rd5
30.Rxd5 cxd5 31.Nc5 Kf7 32.Nb7 Rb8 33.Nd6+ Ke7 34.g4 fxg4+ 35.Kxg4 Nxa2 36.Rh3 h6
37.Kh5 Nc1 38.Rc3 Ne2 39.Rc7+ Kd8 40.Rf7 d4 41.Nb7+ Rxb7 42.Rxb7 d3 43.Rb6 Nxf4+
44.Kg4 Nd5 45.Rxe6 Nb4 46.Kf3 Nc2 47.Ke4 Nb4 48.Ke3 Nd5+ 49.Kd2 Nf4 50.Ra6 h5
51.Rxa5 h4  1/2-1/2

[Event "CCSCSL GM Inv"]
[Site "Saint Louis USA"]
[Date "2012.11.30"]
[Round "8.2"]
[White "Zierk,S"]
[Black "Neimer,V"]
[Result "1-0"]
[WhiteElo "2475"]
[BlackElo "2411"]

1.e4 c5 2.Nf3 e6 3.d4 cxd4 4.Nxd4 a6 5.Bd3 Bc5 6.Nb3 Be7 7.c4 d6 8.Nc3 Nf6
9.O-O Nbd7 10.f4 b6 11.Qf3 Bb7 12.Bd2 Qc7 13.Rae1 g6 14.Qh3 h5 15.Nd4 Ng4
16.b4 Bf6 17.Nde2 Bg7 18.Qg3 O-O-O 19.h3 Ngf6 20.Be3 Kb8 21.Rc1 Rc8 22.Qf2 h4
23.a4 Rh5 24.Nd4 e5 25.Nf3 Qd8 26.Rfd1 Bh6 27.Nd5 Nxd5 28.cxd5 f5 29.Rxc8+ Bxc8
30.fxe5 f4 31.Bd2 dxe5 32.Rc1 Bb7 33.Be1 Bf8 34.Nxh4 Rh6 35.Nf3 g5 36.Qb2 Bd6
37.Bf2 g4 38.hxg4 Qh8 39.Kf1 Rh1+ 40.Bg1 Qh7 41.g5 Bxd5 42.Qd2 Bb7 43.Bb5 axb5
44.Qxd6+ Ka8 45.axb5 Bxe4 46.Qc7 Bb1 47.Rc3  1-0

[Event "XXVI Belgrade Trophy 2012"]
[Site "Belgrade SRB"]
[Date "2012.12.02"]
[Round "9.3"]
[White "Stojanovic,Da"]
[Black "Damljanovic,B"]
[Result "1-0"]
[WhiteElo "2488"]
[BlackElo "2576"]

1.e4 c5 2.Nf3 e6 3.d4 cxd4 4.Nxd4 a6 5.Bd3 Bc5 6.Nb3 Be7 7.Be3 Nf6 8.f4 d6
9.N1d2 Nbd7 10.Qe2 e5 11.O-O-O h5 12.g3 Qc7 13.h3 b5 14.Kb1 Bb7 15.g4 exf4
16.Bxf4 Ne5 17.Nd4 g6 18.Bg5 Nfd7 19.Bxe7 Kxe7 20.Rhf1 hxg4 21.hxg4 Raf8
22.g5 Bc8 23.N2f3 Qc5 24.Nb3 Qb6 25.c4 Rh5 26.cxb5 Nxf3 27.Qxf3 Rxg5 28.bxa6 Bxa6
29.Bxa6 Qxa6 30.Qf4 f6 31.Rh1 Rf7 32.Rh2 Ne5 33.Rhd2 Rf8 34.Rh2 Rf7 35.Rhd2 Rg4
36.Qf2 Rxe4 37.Nc5 dxc5 38.Qxc5+ Ke6 39.Rd6+ Qxd6 40.Rxd6+ Kf5 41.Qc2 Kf4
42.Rd1 Re3 43.Rd4+ Kg3 44.Qc1 Kf2 45.Rd2+ Re2 46.Rd1 g5 47.Rf1+ Kg3 48.Rg1+ Rg2
49.Qe1+ Kf3 50.Rf1+ Kg4 51.Qe4+ Kg3 52.a4 Ng4 53.Qd3+ Kh2 54.Qd6+ Ne5 55.Rxf6 Rxf6
56.Qxf6 Nd3 57.Qd6+ Nf4 58.a5 Re2 59.a6 Re1+ 60.Ka2 Re6 61.Qd2+ Kg3 62.Qa5 Nd3
63.Qxg5+ Kf3  1-0

[Event "Doroshkevicha Mem Open 2012"]
[Site "Sochi RUS"]
[Date "2012.12.02"]
[Round "7"]
[White "Varavin,V1"]
[Black "Panarin,M"]
[Result "0-1"]
[WhiteElo "2449"]
[BlackElo "2563"]

1.e4 c5 2.Nf3 e6 3.d4 cxd4 4.Nxd4 a6 5.Bd3 Qb6 6.Nb3 Qc7 7.O-O Nf6 8.f4 d6
9.Qf3 Nbd7 10.Be3 Be7 11.N1d2 b6 12.Rae1 Bb7 13.c3 h5 14.h3 h4 15.Bf2 Nh5
16.Rd1 g6 17.Nc4 Rc8 18.Ne3 g5 19.Nd5 exd5 20.Bd4 dxe4 21.Bxe4 Bxe4 22.Qxe4 Ng3
23.Qd3 O-O 24.Rfe1 Rfe8 25.fxg5 Bxg5 26.Qxa6 Qc6 27.Bf2 Nc5 28.Rxe8+ Rxe8
29.Qc4 Ne2+ 30.Kh2 Nf4 31.Rg1 Re2 32.Qd4 Nxb3 33.axb3 Qc5 34.b4 Qxd4 35.Bxd4 b5
36.b3 Ne6  0-1

[Event "ch-IRI 2012"]
[Site "Zahedan IRI"]
[Date "2012.12.08"]
[Round "2.6"]
[White "Sedaghati,M"]
[Black "Faghirnavaz,A"]
[Result "1-0"]
[WhiteElo "2165"]
[BlackElo "2317"]

1.e4 c5 2.Nf3 e6 3.d4 cxd4 4.Nxd4 a6 5.Bd3 Nc6 6.Nb3 Nf6 7.Nc3 b5 8.Qe2 d6
9.O-O Be7 10.f4 Qc7 11.Bd2 b4 12.Nd1 Bb7 13.c3 a5 14.Rc1 O-O 15.Kh1 a4 16.Na1 bxc3
17.Nxc3 Rfd8 18.Nc2 Qb6 19.Na3 d5 20.e5 Nd7 21.Qd1 Nb4 22.Bb5 Nc5 23.Be3 Qa5
24.Bxc5 Bxc5 25.Nxa4 Be3 26.Rc3 d4 27.Rc5 Qa7 28.Nc4 Ba6 29.Nab6 Rab8 30.Bxa6 Nxa6
31.Rb5 d3 32.Nxe3 Rxb6 33.Rxb6 Qxb6 34.Nc4 Qd4 35.b3 Nc5 36.Nd6 f6 37.h3 g6
38.a3 Rf8 39.b4 Ne4 40.Nxe4 Qxe4 41.Qb3 Kf7 42.Qc3 Qe2 43.Re1 Rc8 44.Qxc8 Qxe1+
45.Kh2 fxe5 46.Qd7+ Kf8 47.Qxd3 e4 48.Qd6+ Kf7 49.Qc7+ Kf8 50.b5 e3 51.b6 Qa5
52.Qe5 Qxe5 53.fxe5 Ke7 54.Kg1  1-0

[Event "TCh-CZE Div1 Vychod 2012-13"]
[Site "Czech Republic CZE"]
[Date "2012.12.09"]
[Round "4.7"]
[White "Fuksik,J"]
[Black "Skoda,M"]
[Result "0-1"]
[WhiteElo "2169"]
[BlackElo "2017"]

1.e4 c5 2.Nf3 e6 3.d4 cxd4 4.Nxd4 a6 5.Bd3 Qc7 6.O-O Nf6 7.Nc3 d6 8.Be3 Nbd7
9.Be2 b5 10.f3 Be7 11.a4 b4 12.Na2 d5 13.Qd2 O-O 14.Nxb4 dxe4 15.f4 Bb7 16.c4 Rfd8
17.Nbc2 Nc5 18.Qc3 Rac8 19.b3 Ncd7 20.Qe1 Nc5 21.Rd1 Ba8 22.a5 Qb7 23.Qf2 Nd3
24.Bxd3 exd3 25.Rxd3 Ng4 26.Qg3 Nxe3 27.Rxe3 Bf6 28.Rd1 Rc5 29.Red3 Rxa5
30.Nf3 Rxd3 31.Rxd3 Ra2 32.Qf2 h6 33.h3 Qc7 34.Qd2 Be4 35.Nfe1 Bxd3 36.Nxd3 Qb6+
37.Kh2 Qxb3  0-1

[Event "FSIM December 2012"]
[Site "Budapest HUN"]
[Date "2012.12.10"]
[Round "9.1"]
[White "Grimm,D"]
[Black "Szeberenyi,A"]
[Result "1/2-1/2"]
[WhiteElo "2198"]
[BlackElo "2331"]

1.e4 c5 2.Nf3 e6 3.d4 cxd4 4.Nxd4 a6 5.Bd3 Bc5 6.Nb3 Ba7 7.Nc3 Nc6 8.Qe2 Nge7
9.f4 e5 10.f5 Nd4 11.Nxd4 exd4 12.Nd5 O-O 13.Nxe7+ Qxe7 14.Bd2 Re8 15.O-O-O b5
16.Rhf1 f6 17.g4 Bb7 18.Rde1 Qf7 19.Kb1 d5 20.Qg2 h6 21.h4 dxe4 22.Bxe4 Bxe4
23.Rxe4 Rxe4 24.Qxe4 Re8 25.Qf3 Qe7 26.a3 Qe4 27.Qb3+ Kh7 28.Re1 Qc6 29.Re6 Rxe6
30.fxe6 Bc5 31.Qd3+ Kg8 32.Qf5 Kf8 33.g5 hxg5 34.hxg5 Ke7 35.Qg6 Qh1+ 36.Ka2 Qd5+
37.b3 Kxe6 38.Qxg7 Qf5 39.Qxf6+ Qxf6 40.gxf6 Kxf6  1/2-1/2

[Event "ch-IRI 2012"]
[Site "Zahedan IRI"]
[Date "2012.12.10"]
[Round "5.3"]
[White "Sedaghati,M"]
[Black "Kowsarinia,A"]
[Result "1-0"]
[WhiteElo "2165"]
[BlackElo "2289"]

1.e4 c5 2.Nf3 e6 3.d4 cxd4 4.Nxd4 a6 5.Bd3 Bc5 6.Nb3 Be7 7.O-O d6 8.c4 Nf6
9.Nc3 O-O 10.Be3 b6 11.a4 Nc6 12.f3 Bb7 13.Be2 Qc7 14.Qe1 Ne5 15.Nd2 Rac8
16.Qf2 Ned7 17.Kh1 Bd8 18.a5 bxa5 19.Nb3 Ba8 20.Nxa5 Rb8 21.Rfb1 Be7 22.Bf4 Ne5
23.b4 Ng6 24.Be3 d5 25.b5 dxe4 26.b6 Qc8 27.c5 exf3 28.Bxf3 Bxf3 29.gxf3 Ne5
30.Rd1 Nc6 31.Nc4 Qb7 32.Kg1 Rbd8 33.Bf4 Nd7 34.Bd6 Ndb8 35.Ne4 f5 36.Bxe7 Qxe7
37.Ned6 e5 38.Re1 Nd4 39.Rxe5 Qg5+ 40.Kh1 Qf4 41.Qg3 Qxg3 42.hxg3 Nxf3 43.Rxf5 Rxf5
44.Nxf5 g6 45.Nfd6 Nd4 46.Re1 Nd7 47.Rd1 Nxc5 48.Rxd4 Na4 49.b7 Nc5 50.Na5  1-0

[Event "4th Penang Heritage City Open"]
[Site "Penang MAS"]
[Date "2012.12.11"]
[Round "2.41"]
[White "Frost,P"]
[Black "Woong,Zhi Wei William"]
[Result "1/2-1/2"]
[WhiteElo "1862"]
[BlackElo "1591"]

1.e4 c5 2.Nf3 e6 3.d4 cxd4 4.Nxd4 a6 5.Bd3 Qc7 6.O-O Nf6 7.c4 d6 8.Nc3 Nbd7
9.Qe2 b6 10.Re1 Ne5 11.f4 Nxd3 12.Qxd3 Bb7 13.b3 Rc8 14.Bb2 Be7 15.f5 e5
16.Nf3 Ng4 17.Re2 Qc5+ 18.Kf1 Nf6 19.Rc1 Qc7 20.Nd5 Nxd5 21.cxd5 Qd7 22.Rxc8+ Qxc8
23.Rc2 Qd7 24.Qc3 Bf6 25.Qc7 Bd8 26.Qc3 O-O 27.Bc1 a5 28.Be3 b5 29.Nd2 Re8
30.a3 Qe7 31.g3 g6 32.Qd3 Qd7 33.g4 Kg7 34.b4 a4 35.Nf3 f6 36.Qd2 gxf5 37.gxf5 Kh8
38.Qd3 Rg8 39.Ne1 Rg4 40.Rg2 Rxg2 41.Nxg2 Qc8 42.Ne1 Ba6 43.Qc2 Qc4+ 44.Kf2 Kg7  1/2-1/2

[Event "III ITT JAHV McGREGOR"]
[Site "Bogota COL"]
[Date "2012.12.12"]
[Round "1.32"]
[White "Motta Leon,Gerardo"]
[Black "Salazar,Ca"]
[Result "1-0"]
[WhiteElo "2012"]
[BlackElo "2169"]

1.e4 c5 2.Nf3 e6 3.d4 cxd4 4.Nxd4 a6 5.Bd3 Nf6 6.O-O Qc7 7.c4 Nc6 8.Nxc6 dxc6
9.Be3 e5 10.f3 Be6 11.Qc2 Be7 12.Nc3 b5 13.Ne2 Qb7 14.b3 O-O 15.h3 Nd7 16.f4 f6
17.f5 Bf7 18.c5 b4 19.Bc4 a5 20.Rfc1 a4 21.bxa4 Ra5 22.Rab1 Bxc5 23.Bxf7+ Rxf7
24.Bxc5 Rxc5 25.Qb3 Rxc1+ 26.Nxc1 c5 27.a3 Qxe4 28.axb4 cxb4 29.Qxb4 Qxf5
30.a5 g5 31.a6 Nf8 32.Ra1 Qc2 33.a7 Rxa7 34.Rxa7 Qxc1+ 35.Kh2 Qf4+ 36.Qxf4 gxf4
37.Kg1 Ne6 38.Kf2 Ng5 39.h4 Nf7 40.Kf3 Kg7 41.Kg4 Kf8 42.Kf5 Nd6+ 43.Kxf6 e4
44.Ke5  1-0

[Event "60th ch-HUN w 2012"]
[Site "Kisvarda HUN"]
[Date "2012.12.12"]
[Round "9"]
[White "Rudolf,An"]
[Black "Schneider,Ve"]
[Result "1/2-1/2"]
[WhiteElo "2322"]
[BlackElo "2306"]

1.e4 c5 2.Nf3 e6 3.d4 cxd4 4.Nxd4 a6 5.Bd3 Bc5 6.Nb3 Ba7 7.O-O Nc6 8.Qe2 d6
9.Be3 Nf6 10.c4 b6 11.Nc3 Ne5 12.h3 Bb7 13.Rfd1 Qc7 14.a4 O-O 15.a5 Rfc8
16.axb6 Bxb6 17.Bxb6 Qxb6 18.Na5 Nfd7 19.Ra2 Rab8 20.Qd2 Qd4 21.Be2 Qxd2
22.Rxd2 Nb6 23.b3 d5 24.exd5 exd5 25.Nxb7 Rxb7 26.Nxd5 Nxd5 27.Rxd5 f6 28.c5 Rxb3
29.Rxe5 Rb1+ 30.Kh2 fxe5 31.Rc2 a5 32.c6 Rc7 33.Bf3 Rb5 34.Be2 Rb6 35.Ra2 Rbxc6
36.Rxa5 Rc5 37.Ra8+ Kf7 38.Bd3 h6 39.Be4 Rd7 40.Ra6 Ke7 41.Rg6 Kf7 42.Ra6 Rc1
43.h4 Rcd1 44.Kg3 R1d4 45.f3 Rc7 46.Kg4 Rd2  1/2-1/2

[Event "XI Mario Covas Jr"]
[Site "Santos BRA"]
[Date "2012.12.12"]
[Round "3.2"]
[White "Barbosa,Ev"]
[Black "Terao,R"]
[Result "1/2-1/2"]
[WhiteElo "2413"]
[BlackElo "2403"]

1.e4 c5 2.Nf3 e6 3.d4 cxd4 4.Nxd4 a6 5.Bd3 Nf6 6.O-O Qc7 7.Qe2 d6 8.c4 Nbd7
9.f4 Be7 10.Nc3 O-O 11.Kh1 b6 12.Bd2 Bb7 13.f5 e5 14.Nc2 Nc5 15.Nb4 Nxd3
16.Qxd3 Rac8 17.b3 Qc5 18.Ncd5 Nxd5 19.cxd5 Qd4 20.Rac1 a5 21.Qxd4 exd4 22.Nc6 Bf6
23.b4 axb4 24.Bxb4 Rfe8 25.Bxd6 Rxe4 26.Rfe1 Rxe1+ 27.Rxe1 d3 28.h3 h5 29.Rd1 Bxc6
30.dxc6 Rxc6 31.Rxd3  1/2-1/2

[Event "4th Penang Heritage City Open"]
[Site "Penang MAS"]
[Date "2012.12.13"]
[Round "5.41"]
[White "Liekens,R"]
[Black "Lee,Jun Wei"]
[Result "1/2-1/2"]
[WhiteElo "1806"]
[BlackElo "1661"]

1.e4 c5 2.Nf3 e6 3.d4 cxd4 4.Nxd4 a6 5.Bd3 Bc5 6.Nb3 Ba7 7.O-O Nc6 8.Bd2 Nf6
9.Qe2 d6 10.Kh1 O-O 11.Nc3 b5 12.a4 b4 13.Na2 a5 14.Bg5 e5 15.f4 h6 16.Bh4 exf4
17.Bxf6 Qxf6 18.c3 Be6 19.Bc2 bxc3 20.Nxc3 Ne5 21.Nd5 Bxd5 22.exd5 Qh4 23.Qe4 Ng6
24.Nxa5 Rfe8 25.Qf3 Re3 26.Qf2 Qxf2 27.Rxf2 Re5 28.Rff1 Ne7 29.Nc6 Nxc6 30.dxc6 Rc8
31.Rxf4 Rxc6 32.Bb3 Rc7 33.Raf1 d5 34.R4f3 Kf8 35.Rd3 d4 36.Rd2 f6 37.Ba2 Ke7
38.Bb1 Rc4 39.Bc2 Rec5 40.Re1+ Re5 41.Ra1 Rec5 42.Re1+ Re5 43.Rb1 Bc5 44.Bb3 Rb4
45.Rd3 Re3 46.Rbd1 Rxd3 47.Rxd3 Kd6 48.Kg1 Ke5 49.Kf1 Ke4 50.Ke2 Bd6 51.h3 Bf4
52.Bc2 Rxb2 53.Kd1 Ke5 54.Ra3 Rb7 55.a5 Ra7 56.a6 Kd5 57.Bd3 Bd6 58.Rb3 Bc5
59.g4 Ke5 60.Ke2 Kf4 61.Bc4 Kg5 62.Kf3 Kh4 63.Ke4 g6 64.Kd5 Rc7 65.Bf1 f5
66.gxf5 gxf5 67.Ke5 Kg5 68.Rg3+ Kh4 69.Rg6 Re7+ 70.Kd5 Kh5 71.Rc6 Ba7 72.Kd6 Rg7
73.Ke5 Re7+ 74.Kf6 Rd7 75.Bd3 Rd5 76.Rc7 Bb6 77.Rb7 Bc5 78.a7 Bxa7 79.Rxa7 Kh4  1/2-1/2

[Event "XI Mario Covas Jr"]
[Site "Santos BRA"]
[Date "2012.12.14"]
[Round "7.4"]
[White "Della Morte,G"]
[Black "Terao,R"]
[Result "0-1"]
[WhiteElo "2325"]
[BlackElo "2403"]

1.e4 c5 2.Nf3 e6 3.d4 cxd4 4.Nxd4 a6 5.Bd3 Nf6 6.O-O Qc7 7.Qe2 d6 8.c4 g6
9.Nc3 Bg7 10.Rd1 O-O 11.Nf3 Nc6 12.Bf4 Nh5 13.Be3 Bxc3 14.bxc3 e5 15.Bh6 Re8
16.Qe3 Nd8 17.Be2 f6 18.Ne1 Ng7 19.Qf3 Nf7 20.Bc1 f5 21.exf5 Bxf5 22.g3 Ne6
23.h4 Nc5 24.h5 Qe7 25.Qe3 Rac8 26.Ng2 Qe6 27.Nh4 Be4 28.Kh2 Bc6 29.Ba3 g5
30.Nf3 Ne4 31.Nd2 Nf6 32.f3 Qf5 33.Rf1 Nxh5 34.Ne4 Re6 35.Kg2 Nf4+ 36.Kf2 Nxe2
37.Kxe2 g4 38.Kd3 d5 39.cxd5 Bxd5 40.Kc2 gxf3 41.Rae1 Rc4 42.g4 Qg6  0-1

[Event "III ITT JAHV McGREGOR"]
[Site "Bogota COL"]
[Date "2012.12.15"]
[Round "7.49"]
[White "Alarcon Casellas,Rol"]
[Black "Perez Rodriguez,Juan Carlos"]
[Result "1-0"]
[WhiteElo "2484"]
[BlackElo "1957"]

1.e4 c5 2.Nf3 e6 3.d4 cxd4 4.Nxd4 a6 5.Bd3 Qc7 6.O-O Nf6 7.Qe2 d6 8.c4 Be7
9.Nc3 b6 10.Bd2 Bb7 11.Rae1 Nbd7 12.f4 O-O 13.Kh1 Nc5 14.Bb1 Rac8 15.e5 Ne8
16.Qg4 f5 17.exf6 Nxf6 18.Qh3 e5 19.Nf5 Bd8 20.fxe5 dxe5 21.Nd5 Bxd5 22.cxd5 Ncd7
23.d6 Qc4 24.Rc1 Qb5 25.Bd3 Qxb2 26.Rxc8 Qxd2 27.Rc2 Qb4 28.a3 Qa4 29.Ne7+ Bxe7
30.dxe7 Re8 31.Rc4 Qa5 32.Bxh7+ Kf7 33.Qxd7 Rxe7 34.Bg6+  1-0

[Event "TCh-NED Meesterklasse 2012-13"]
[Site "Netherland NED"]
[Date "2012.12.15"]
[Round "5.8"]
[White "De Groote,J"]
[Black "Lemmers,O"]
[Result "0-1"]
[WhiteElo "2107"]
[BlackElo "2372"]

1.e4 c5 2.Nf3 e6 3.d4 cxd4 4.Nxd4 a6 5.Bd3 Bc5 6.Nb3 Be7 7.O-O d6 8.Be3 Nd7
9.N1d2 Ngf6 10.Re1 b6 11.c4 Bb7 12.f3 O-O 13.Bf1 Kh8 14.a4 a5 15.Nb1 Rc8
16.Nc3 Ne5 17.Qd4 Nfd7 18.Nb5 Nc6 19.Qd2 Nc5 20.Nxc5 dxc5 21.Qf2 Bf6 22.Bf4 e5
23.Be3 Bh4 24.g3 Bg5 25.Bh3 Bxe3 26.Qxe3 Rb8 27.Rad1 Nd4 28.f4 Bc6 29.fxe5 Bxb5
30.cxb5 Qe7 31.Bf1 Nc2 32.Qf4 Nxe1 33.Rxe1 Rbe8 34.Rd1 Qxe5 35.Rd6 Qxf4 36.gxf4 Rxe4
37.Rxb6 Rxa4 38.Rc6 Rxf4 39.b6 Rf6 40.Rxf6 gxf6 41.b7 Rb8 42.Ba6 c4 43.Kf2 a4
44.Ke1 c3 45.bxc3 a3 46.Bc4 Rxb7 47.Kd1 Rc7  0-1

[Event "4th Penang Heritage City Open"]
[Site "Penang MAS"]
[Date "2012.12.15"]
[Round "9.16"]
[White "Wee,C"]
[Black "Sean,W"]
[Result "1/2-1/2"]
[WhiteElo "2003"]
[BlackElo "2190"]

1.e4 c5 2.Nf3 e6 3.d4 cxd4 4.Nxd4 a6 5.Bd3 Qc7 6.O-O Nc6 7.Nxc6 dxc6 8.Qe2 e5
9.Be3 Nf6 10.f3 Be7 11.Nd2 O-O 12.a4 b6 13.Nc4 c5 14.Rfd1 Be6 15.Na3 Bc8
16.Bc4 Kh8 17.Nb1 Ra7 18.Nc3 Qc6 19.Rd2 Ne8 20.Nd5 Bd6 21.Ra3 Nc7 22.Qd3 Rd8
23.Ne7 Bxe7 24.Qxd8+ Bxd8 25.Rxd8+ Ne8 26.Bd5 Qd7 27.Rxd7 Rxd7 28.a5 Nc7
29.Bc6 Rd6 30.Rd3 Rxd3 31.cxd3 bxa5 32.Bxc5 Ne6 33.Bb6 Nf4 34.Bxa5 Nxd3 35.Bc3 Be6
36.Ba4 f6 37.Bc2 Bc4 38.Bxd3 Bxd3  1/2-1/2

[Event "Subotica IM 2012"]
[Site "Subotica SRB"]
[Date "2012.12.15"]
[Round "3.1"]
[White "Nadj Hedjesi,B"]
[Black "Pataki,G"]
[Result "1/2-1/2"]
[WhiteElo "2375"]
[BlackElo "2356"]

1.e4 c5 2.Nf3 e6 3.d4 cxd4 4.Nxd4 a6 5.Bd3 Bc5 6.Nb3 Be7 7.O-O d6 8.f4 Nd7
9.Be3 Ngf6 10.a4 b6 11.Nc3 Bb7 12.Qe2 Qc7 13.Rae1 O-O 14.Kh1 Rfe8 15.f5 exf5
16.Rxf5 Ne5 17.Nd2  1/2-1/2

[Event "III ITT JAHV McGREGOR"]
[Site "Bogota COL"]
[Date "2012.12.16"]
[Round "9.17"]
[White "Alarcon Casellas,Rol"]
[Black "Martinez,Jor"]
[Result "1-0"]
[WhiteElo "2484"]
[BlackElo "2195"]

1.e4 c5 2.Nf3 e6 3.d4 cxd4 4.Nxd4 a6 5.Bd3 Qc7 6.O-O Nf6 7.Qe2 d6 8.c4 Be7
9.Nc3 b6 10.Bd2 Bb7 11.f4 h5 12.Rae1 Nbd7 13.b4 Rd8 14.a3 h4 15.Nf3 g6 16.Ng5 Nh5
17.f5 Bxg5 18.Bxg5 Ne5 19.Bxd8 Qxd8 20.fxe6 fxe6 21.Qf2 g5 22.Be2 Nf4 23.h3 Qc7
24.Qd4 O-O 25.Rf2 Nc6 26.Qd2 Qg7 27.Rd1 Qf6 28.Kh1 Rd8 29.Qe3 Qe5 30.Bg4 b5
31.cxb5 axb5 32.Ne2 Rf8 33.Nxf4 gxf4 34.Qd2 Nd8 35.Qxd6 Qf6 36.e5 Qg6 37.Bf3 Nf7
38.Qe7 Bxf3 39.gxf3  1-0

[Event "19th Zadar Open A"]
[Site "Zadar CRO"]
[Date "2012.12.17"]
[Round "3.14"]
[White "Jakic,I"]
[Black "Paljusaj,E"]
[Result "1-0"]
[WhiteElo "2415"]
[BlackElo "2323"]

1.e4 c5 2.Nf3 e6 3.d4 cxd4 4.Nxd4 a6 5.Bd3 Bc5 6.Nb3 Ba7 7.Qe2 Nc6 8.Be3 Nge7
9.c4 Bxe3 10.Qxe3 Nb4 11.Nc3 d5 12.exd5 exd5 13.cxd5 Nxd5 14.Nxd5 Qxd5 15.O-O Qe6
16.Rfe1 Qxe3 17.Rxe3 Be6 18.Nc5 O-O-O 19.Nxe6 fxe6 20.Rxe6 Rxd3 21.Rxe7 Rd7
22.Rc1+ Kd8 23.Rxd7+ Kxd7 24.f4 Rf8 25.Rc4 b5 26.Rd4+ Ke6 27.Kf2 Rc8 28.Ke3 Rc2
29.Rd2 Rc4 30.b3 Rc1 31.g4 g6 32.Re2 Rf1 33.Ke4 Rg1 34.Kf3+ Kf7 35.Rc2 Rf1+
36.Ke3 Re1+ 37.Kf2 Ra1 38.Kg3 a5 39.Kh4 h6 40.h3 Rf1 41.Kg3 Rg1+ 42.Kf2 Rh1
43.Kg2 Ra1 44.Rd2 a4 45.bxa4 bxa4 46.Kg3 Rc1 47.Rd7+ Kf6 48.Rd6+ Kf7 49.Rd3 Rc2
50.a3 Rb2 51.Kf3 Ke6 52.Ke4 Re2+ 53.Re3 Rf2 54.Rc3 Re2+ 55.Kd4 Rf2 56.Ke3 Rh2
57.Kd4 Rf2 58.Re3+ Kf6 59.Ke4 Ke6 60.Rf3 Rd2 61.g5 h5 62.Rc3 Re2+ 63.Kf3 Rh2
64.Re3+ Kf7 65.Ke4 Rd2 66.Ke5 Ra2 67.h4 Ra1 68.f5 gxf5 69.Kxf5 Rf1+ 70.Ke5 Ra1
71.Rf3+ Kg7 72.Kd5 Ra2 73.Kc5 Rc2+ 74.Kb5 Rg2 75.Rf4  1-0

[Event "19th Zadar Open A"]
[Site "Zadar CRO"]
[Date "2012.12.18"]
[Round "4.15"]
[White "Ciganovic,N"]
[Black "Paljusaj,E"]
[Result "0-1"]
[WhiteElo "2303"]
[BlackElo "2323"]

1.e4 c5 2.Nf3 e6 3.d4 cxd4 4.Nxd4 a6 5.Bd3 Bc5 6.Nb3 Ba7 7.Qe2 Nc6 8.Be3 Nge7
9.f4 O-O 10.Bxa7 Rxa7 11.N1d2 Nb4 12.c3 Nxd3+ 13.Qxd3 b5 14.Nf3 Qc7 15.g3 Bb7
16.O-O Qb6+ 17.Kg2 f5 18.e5 Nd5 19.Rfe1 g5 20.fxg5 f4 21.Nbd4 Kg7 22.Kh3 Qd8
23.g4 Rh8 24.Nh4 Qxg5 25.Ndf3 Qh6 26.a4 Rd8 27.axb5 Ne3 28.Qe2 a5 29.Ra4 Raa8
30.g5 Qh5 31.Rxf4 Rf8 32.Kg3 Rxf4 33.Kxf4 Nd5+ 34.Kg3 Rf8 35.c4 Nf4 36.Qf1 Ng6  0-1

[Event "Subotica IM 2012"]
[Site "Subotica SRB"]
[Date "2012.12.19"]
[Round "8.3"]
[White "Nadj Hedjesi,B"]
[Black "Sertic,Ru"]
[Result "1-0"]
[WhiteElo "2375"]
[BlackElo "2374"]

1.e4 c5 2.Nf3 e6 3.d4 cxd4 4.Nxd4 a6 5.Bd3 Qc7 6.O-O Nf6 7.Qe2 d6 8.a4 b6
9.Nc3 Bb7 10.Bd2 Nbd7 11.Rae1 g6 12.f4 Bg7 13.Kh1 h5 14.e5 dxe5 15.fxe5 Qxe5
16.Qxe5 Nxe5 17.Rxe5 Ng4 18.Rxe6+ fxe6 19.Bxg6+ Kd7 20.Rf7+ Kc8 21.Rxg7 Rd8
22.Nb3 Rf8 23.Kg1 Ra7 24.Bxh5 Ne5 25.a5 b5 26.Be3 Ra8 27.Nc5 Bc6 28.Nxe6 Rf5
29.Be2 Rf7 30.Rg5 Nc4 31.Bxc4 bxc4 32.Nd5 Kd7 33.Nd4 Raf8 34.h4 Bb7 35.Nb6+ Ke7
36.Re5+ Kd6 37.Nxc4+ Kd7 38.Nb6+ Kd6 39.Re6+ Kc7 40.Rg6 Re8 41.Bf2 Be4 42.Bg3+ Kb7
43.Rg4 Bf5 44.Nxf5 Rxf5 45.Nc4  1-0

[Event "Groningen Open A"]
[Site "Groningen NED"]
[Date "2012.12.22"]
[Round "2.1"]
[White "Andriasian,Z"]
[Black "De Jong,M"]
[Result "1-0"]
[WhiteElo "2605"]
[BlackElo "2372"]

1.e4 c5 2.Nf3 e6 3.d4 cxd4 4.Nxd4 a6 5.Bd3 Ne7 6.O-O Nbc6 7.Nb3 Ng6 8.a4 Be7
9.Be3 Bf6 10.Nc3 b6 11.f4 d6 12.Qh5 Rb8 13.Rad1 Qe7 14.Kh1 O-O 15.g4 Bxc3
16.bxc3 Bb7 17.Kg1 f5 18.exf5 exf5 19.Rde1 fxg4 20.Qxg4 Qf6 21.Nd2 d5 22.Qh5 Rfe8
23.Qxd5+ Kh8 24.Ne4 Qh4 25.Qg5 Nce7 26.Nd6 Qxg5+ 27.fxg5 Rf8 28.Rxf8+ Nxf8
29.Bf4  1-0

[Event "ALG-TUR Women 2012"]
[Site "Algiers ALG"]
[Date "2012.12.23"]
[Round "1.1"]
[White "Abdi,Zineb Dina"]
[Black "Cemhan,K"]
[Result "1-0"]
[WhiteElo "1902"]
[BlackElo "2031"]

1.e4 c5 2.Nf3 e6 3.d4 cxd4 4.Nxd4 a6 5.Bd3 Nf6 6.O-O Qc7 7.Qe2 d6 8.c4 Nbd7
9.Nc3 Be7 10.f4 O-O 11.Be3 b6 12.g4 g6 13.g5 Nh5 14.Rad1 Re8 15.f5 Ne5 16.f6 Bf8
17.Nf3 Nxd3 18.Qxd3 Bb7 19.Qd4 Rab8 20.b3 Ba8 21.Qd3 Rbc8 22.Na4 Rb8 23.Nc3 Qb7
24.a4 Qc7 25.Nd4 Rbd8 26.Nc2 d5 27.exd5 exd5 28.cxd5 Qe5 29.Qd4 Qxd4 30.Bxd4 Bxd5
31.Nxd5 Rxd5 32.h4 b5 33.Be3 Red8 34.Rxd5 Rxd5 35.axb5 axb5 36.Nd4 b4 37.Kf2 h6
38.Rd1 hxg5 39.hxg5 Bd6 40.Kf3 Ng3 41.Rc1 Nf5 42.Nxf5 Rxf5+ 43.Ke2 Ra5 44.Rd1 Ra6
45.Kd3 Kf8 46.Kc4 Bc7 47.Kxb4 Ke8 48.Kc4 Re6 49.Rd3 Bd6 50.b4  1-0

[Event "ALG-TUR Women 2012"]
[Site "Algiers ALG"]
[Date "2012.12.25"]
[Round "3.1"]
[White "Abdi,Zineb Dina"]
[Black "Arig,B"]
[Result "1/2-1/2"]
[WhiteElo "1902"]
[BlackElo "1861"]

1.e4 c5 2.Nf3 e6 3.d4 cxd4 4.Nxd4 a6 5.Bd3 Qc7 6.O-O Nf6 7.Qe2 d6 8.c4 Be7
9.Nc3 O-O 10.Be3 b6 11.f3 Bb7 12.Rac1 Nbd7 13.Rfd1 Rac8 14.Qf2 Rfd8 15.Nc2 Qb8
16.Na4 Nc5 17.Nxb6 Rc6 18.Bxc5 Rxc5 19.Na4 Ra5 20.Nc3 Rh5 21.g4 Rg5 22.Ne3 d5
23.h4 Rg6 24.exd5 Nxg4 25.Nxg4 f5 26.Kh1 h5 27.Rg1 hxg4 28.fxg4 Rxg4 29.Rxg4 fxg4
30.Rg1 Rf8 31.Qg3 Qd8 32.Qxg4 Rf7 33.Qxe6 Kf8 34.h5 Bd6 35.Qg4 Bc8 36.Qg5 Be7
37.Qg2 Bd6 38.Qg5 Be7 39.Qg2 Bd6 40.Qg5 Be7  1/2-1/2

[Event "Groningen Open A"]
[Site "Groningen NED"]
[Date "2012.12.26"]
[Round "5.18"]
[White "Baghdasaryan,V"]
[Black "Bosker,Peter"]
[Result "1/2-1/2"]
[WhiteElo "2388"]
[BlackElo "2170"]

1.e4 c5 2.Nf3 e6 3.d4 cxd4 4.Nxd4 a6 5.Bd3 Qc7 6.O-O Nc6 7.Nxc6 bxc6 8.c4 Nf6
9.Nc3 d6 10.f4 Be7 11.Kh1 Bb7 12.b4 O-O 13.Bb2 Rfd8 14.Qf3 c5 15.bxc5 Qxc5
16.Qh3 Qh5 17.Qg3 Qg4 18.Qe1 Qh5 19.f5 Ng4 20.h3 Ne5 21.Be2 Qh4 22.Qb1 Rab8
23.Kh2 g5 24.f6 Bf8 25.Qc2 Rbc8 26.Bc1 g4 27.Bd2 g3+ 28.Kh1 Bh6 29.Qc1 Bxd2
30.Qxd2 Bxe4 31.Nxe4 Qxe4 32.Rf4 Qg6 33.Raf1 Kh8 34.Rh4 Rb8 35.Qe3 Rb1 36.Rh6 Rxf1+
37.Bxf1 Qf5 38.Kg1 Rg8 39.c5 dxc5 40.Rh4 Qg5 41.Qxg5 Rxg5 42.Ra4 Nd7 43.Rxa6 Nxf6
44.a4 Re5 45.Rc6 Ne4 46.Rc8+ Kg7 47.Rd8 Rd5 48.Rxd5 exd5 49.a5 Nd6 50.a6 Nc8
51.Bd3 c4 52.Bf5 Na7 53.Kf1 h6 54.Ke2 Kf6 55.Bb1 Ke5 56.Kf3 d4 57.Ba2 Kd5
58.Kxg3 d3 59.Kf2 Kd4 60.Ke1 f6 61.Kd1 c3 62.Bf7 Ke3 63.Be8 f5 64.g3 c2+
65.Kc1 Ke2 66.Bh5+ Ke1 67.Bf3 Kf2 68.Bh5 Kxg3 69.Bg6 Kf4 70.Kd2 Ke4 71.h4 Kf4
72.Bf7 Ke5 73.Bg6 Nc6 74.Be8 Nb4 75.a7 Na2 76.a8=Q c1=Q+ 77.Kxd3 Nb4+ 78.Ke2 Qc4+
79.Ke1 Qxh4+ 80.Kf1 Qf4+ 81.Kg1 Qc1+ 82.Kh2 Qd2+ 83.Kg1 Qe3+ 84.Kh2 Qf2+
85.Kh1 Nd5 86.Bc6 Qh4+ 87.Kg1 Qd4+ 88.Kh1 Qh4+ 89.Kg1 Qg3+ 90.Kh1 Qh3+ 91.Kg1 Qe3+
92.Kh1 Qc1+ 93.Kh2 Qc2+ 94.Kh1 Qd1+ 95.Kh2 Qd2+ 96.Kh1 Qe1+ 97.Kh2 Qh4+  1/2-1/2